| 000 | 00520nam a2200217Ia 4500 | ||
|---|---|---|---|
| 003 | 0100 | ||
| 008 | 130303s9999 xx 000 0 und d | ||
| 020 | _a0521367670 | ||
| 040 | _cARRUPELIB | ||
| 050 | _aB3317.C29 1996 | ||
| 245 | 4 | _aThe Cambridge companion to Nietzsche | |
| 260 | _aCambridge | ||
| 260 | _bCambridge University Press | ||
| 260 | _C1996 | ||
| 300 | _aix | ||
| 300 | _b 403p. 24cm. | ||
| 650 | _aPHILOSOPHY | ||
| 650 | _bScience--Philosophy | ||
| 700 | _aMagnus, Bernd (ed.) | ||
| 942 | 0 | 0 | _04 |
| 999 |
_c13213 _d13213 |
||